राष्ट्रीय समस्याएँ (Record no. 9438)
[ view plain ]
| 000 -LEADER | |
|---|---|
| fixed length control field | 00598nam a2200157Ia 4500 |
| 020 ## - INTERNATIONAL STANDARD BOOK NUMBER | |
| ISBN | 9788180699962 |
| 082 ## - DEWEY DECIMAL CLASSIFICATION NUMBER | |
| Classification number | 320.954 |
| Item number | KUM-R |
| 100 ## - MAIN ENTRY--AUTHOR NAME | |
| Personal name | कुमार, ब्रिज बिहारी |
| Fuller form of name | Kumar, Braj Bihari |
| 245 #0 - TITLE STATEMENT | |
| Title | राष्ट्रीय समस्याएँ |
| Sub Title | : चिन्ता एवं चिन्तन |
| 246 ## - VARYING FORM OF TITLE | |
| Title proper/short title | Rashtriya samasyayein: chinta avam chintan |
| 260 ## - PUBLICATION, DISTRIBUTION, ETC. (IMPRINT) | |
| Place of publication | New Delhi |
| Name of publisher | Concept Publishing |
| Year of publication | 2014 |
| 300 ## - PHYSICAL DESCRIPTION | |
| Number of Pages | viii, 168p |
| 546 ## - LANGUAGE NOTE | |
| Language note | Hindi<br/> |
| 650 ## - SUBJECT ADDED ENTRY--TOPICAL TERM | |
| Topical Term | Politics and government |
| Form subdivision | Social conditions |
| -- | National security |
| Geographic subdivision | India |
| 942 ## - ADDED ENTRY ELEMENTS (KOHA) | |
| Koha item type | Books |
| Source of classification or shelving scheme | Dewey Decimal Classification |
| Withdrawn status | Lost status | Damaged status | Not for loan | Home library | Current library | Date acquired | Source of acquisition | Bill Date | Full call number | Accession Number | Price effective from | Koha item type |
|---|---|---|---|---|---|---|---|---|---|---|---|---|
| NASSDOC Library | NASSDOC Library | 29/10/2018 | OP | 2018-10-15 | 320.954 KUM-R | 50072 | 18/04/2019 | Books |
